Statistics for All Country Flags in Clash of Clans

Click here to take the quiz!

General Stats

  • This quiz has been taken 35 times
  • The average score is 18 of 25

Answer Stats

Country% Correct
United States
100%
United Kingdom
91%
Brazil
88%
China
88%
France
85%
Germany
85%
Russia
82%
Italy
79%
Japan
79%
Spain
76%
Canada
73%
Norway
73%
Sweden
73%
Australia
70%
India
70%
Denmark
67%
Finland
67%
South Korea
67%
Greece
64%
Indonesia
61%
Turkey
58%
Netherlands
55%
Philippines
39%
Singapore
36%
Thailand
33%

Score Distribution

Percentile by Number Answered

Percent of People with Each Score

Your Score History

You have not taken this quiz